Normal view
MARC view
Entry Personal Name
001 - CONTROL NUMBER
- control field: 49391
003 - CONTROL NUMBER IDENTIFIER
- control field: dpl
005 - DATE AND TIME OF LATEST TRANSACTION
- control field: 20120621115126.0
008 - FIXED-LENGTH DATA ELEMENTS
- fixed length control field: 120621|||a|||||| | ||| d
040 ## - CATALOGING SOURCE
- Original cataloging agency: dpl
- Transcribing agency: dpl
100 ## - HEADING--PERSONAL NAME
- Personal name: नागेन्द्र कुमार 'नीरज'
670 ## - SOURCE DATA FOUND
- Source citation: Work cat.: (dpl): नागेन्द्र कुमार 'नीरज', मधुमेह लाइलाज नहीं है /, 2005
670 ## - SOURCE DATA FOUND
- Source citation: Work cat.: (dpl): नागेन्द्र कुमार 'नीरज', मधुमेह लाइलाज नहीं है /, 2005
